000 00827nam a22002177a 4500
008 240605b mp ||||| |||| 00| 0 mon d
020 _a99929-0-186-1
035 _a23253
040 _aHE0623081
_bmon
_cMN-UlNLM
_dMN-UlNLM
_erda
041 _amon
042 _a54510
084 _2NNA
_a82.3(5Мон)
_bБ.32
245 0 _aБархаадай Турхаадай хоёрын үлгэр
264 _aУБ.
_bМонсудар
_c2003
300 _a20х.
336 _2rdacontent
_atext
_btxt
337 _2rdamedia
_aunmediated
_bn
338 _2rdacarrier
_avolume
_bnc
650 _aмонгол ардын үлгэр монгол ардын үлгэр, аруунингоо, мангас, бархаадай турхаадай 2, үлгэр Бага насныханд зориулсан үлгэр...
942 _2NNA
_cBK
999 _c893610
_d893667